| 000 | 00703nam a2200217Ia 4500 | ||
|---|---|---|---|
| 999 |
_c36697 _d36697 |
||
| 003 | GCL | ||
| 005 | 20240530103101.0 | ||
| 008 | 140319s9999 xx 000 0 ara d | ||
| 040 |
_aGCL / _cGCL |
||
| 082 | 0 | 4 |
_a341.245 _bع م |
| 100 | 1 | _aعائشة راتب | |
| 245 | 1 | 0 |
_aالمنظمات الدولية : دراسة نظرية وتطبيقية / _cعائشة راتب |
| 260 |
_a[S.N] : _bدار النهضة العربية |
||
| 300 | _a364 ص | ||
| 650 | 0 | 4 | _aالتعاون الدولى |
| 650 | 0 | 4 | _aالقانون الدستورى |
| 650 | 0 | 4 | _aالمنظمات الدولية |
| 650 | 0 | 4 | _aالوكالات الدولية |
| 650 | 0 | 4 | _aالمجتمع العالمى |
| 942 |
_2ddc _cBK |
||